000 00764nam a2200157Ia 4500
003 GCL
005 20240530102334.0
008 140319s9999 xx 000 0 ara d
040 _aGCL /
_cGCL
082 0 4 _a811.008022
_bد ك
100 1 _aابن دريد : ابو بكر محمد بن الحسن بن دريد بن عتاهية بن خيثم الازدى المصرى
245 1 0 _aكتاب وصف المطر و السحاب وما نعته العرب الرواد من البقاع /
_cابن دريد : ابو بكر محمد بن الحسن بن دريد بن عتاهية بن خيثم الازدى المصرى ؛ حققه وقدم له عزالدين التنوخى
260 _a[S.N] :
_bدار صادر ،
_c1992
300 _a111 ص
942 _2ddc
_cBK
999 _c31535
_d31535